Statystyki dla TOP 50 najludniejszych miast Europy z wyjątkami

Kliknij tutaj aby rozwiązać quiz!

Ogólne statystyki

  • Ten quiz został rozwiązany 89 razy
  • Średni wynik to 32 z 50

Statystyki odpowiedzi

PozycjaPaństwoLudnośćMiasto% Poprawnych
1Węgry1 750 216Budapeszt
99%
3Czechy1 324 277Praga
98%
2Austria1 691 468Wiedeń
96%
5Holandia872 779Amsterdam
95%
6Chorwacja792 875Zagrzeb
94%
15Irlandia527 612Dublin
93%
10Dania602 481Kopenhaga
93%
11Portugalia547 733Lizbona
93%
8Łotwa658 640Ryga
91%
14Litwa527 930Wilno
91%
4Serbia1 273 651Belgrad
88%
17Słowacja437 735Bratysława
88%
18Estonia430 805Tallinn
88%
43Belgia185 103Bruksela
86%
19Albania418 495Tirana
85%
7Mołdawia671 800Kiszyniów
84%
9Holandia651 376Rotterdam
84%
31Portugalia237 591Porto
83%
12Holandia545 163Haga
80%
23Bośnia i Hercegowina348 363Sarajewo
80%
16Macedonia Północna491 000Skopje
79%
26Słowenia286 745Lublana
77%
21Szwajcaria376 990Zurych
77%
20Czechy381 346Brno
73%
24Litwa307 498Kowno
72%
13Belgia529 247Antwerpia
69%
25Czechy287 968Ostrawa
68%
41Szwajcaria188 234Genewa
67%
32Holandia234 456Eindhoven
59%
46Chorwacja178 102Split
56%
45Austria181 162Linz
54%
36Serbia215 400Nowy Sad
54%
50Czechy174 872Pilzno
54%
34Austria222 326Graz
53%
30Słowacja238 593Koszyce
53%
27Dania269 022Aarhus
48%
22Holandia357 694Utrecht
48%
48Dania176 683Odense
46%
39Węgry201 112Debreczyn
44%
28Belgia263 927Gandawa
36%
40Belgia197 217Liege
35%
33Holandia232 922Groningen
30%
29Serbia250 000Nisz
28%
44Holandia184 271Breda
25%
47Holandia177 698Nijmegen
23%
38Belgia202 746Charleroi
22%
35Holandia219 800Tilburg
16%
37Holandia211 840Almere
9%
49Portugalia175 136Amadora
6%
42Portugalia186 600Villa Nova de Gaia
4%

Rozkład punktacji

Percentyl według liczby udzielonych odpowiedzi

Procent ludzi z każdym wynikiem

Twoja historia wyników

Nie rozwiązałeś tego quizu